Vật lí 12 : Nâng cao

Bài tập Vật lí lớp 12 nâng cao gồm phần đề bài và phần hướng dẫn, lời giải và đáp số. Học sinh sẽ tìm thấy các bài tập trắc nghiệm, các câu hỏi định tính và các bài tập tính toán. Những bài tập này giúp các học sinh hiểu sâu hơn ca...

Fuld beskrivelse

Đã lưu trong:
Bibliografiske detaljer
Hovedforfatter: Nguyễn, Thế Khôi
Format: Bog
Sprog:Undetermined
Udgivet: Hà Nội Giáo dục 2013
Fag:
Tags: Tilføj Tag
Ingen Tags, Vær først til at tagge denne postø!
Thư viện lưu trữ: Trung tâm Học liệu Trường Đại học Cần Thơ
LEADER 01124nam a2200229Ia 4500
001 CTU_182598
008 210402s9999 xx 000 0 und d
020 |c 18500 
082 |a 530.0712 
082 |b Kh452 
100 |a Nguyễn, Thế Khôi 
245 0 |a Vật lí 12 : 
245 0 |b Nâng cao 
245 0 |c Nguyễn Thế Khôi ... [et al.] 
260 |a Hà Nội 
260 |b Giáo dục 
260 |c 2013 
520 |a Bài tập Vật lí lớp 12 nâng cao gồm phần đề bài và phần hướng dẫn, lời giải và đáp số. Học sinh sẽ tìm thấy các bài tập trắc nghiệm, các câu hỏi định tính và các bài tập tính toán. Những bài tập này giúp các học sinh hiểu sâu hơn các kiến thức thu nhận được và vận dụng chúng vào việc giải quyết những vấn đề cụ thể. 
650 |a Physics 
650 |x Study and teaching (Secondary) 
904 |i Tuyến 
980 |a Trung tâm Học liệu Trường Đại học Cần Thơ